[Event "Ambes op 3rd"]
[Site "Ambes"]
[Date "2010.04.28"]
[Round "5"]
[White "Scheid, Gilles"]
[Black "Tholey, Jean Paul"]
[Result "1/2-1/2"]
[WhiteElo "1760"]
[BlackElo "2433"]
[PlyCount "97"]
[EventDate "2010.04.24"]
[EventType "swiss"]
[EventRounds "9"]
[EventCountry "FRA"]
[SourceTitle "EXT 2011"]
[Source "ChessBase"]
[SourceDate "2010.11.26"]
[SourceVersion "1"]
[SourceVersionDate "2010.11.26"]
[SourceQuality "1"]

1. e4 c5 2. Nf3 a6 3. d4 cxd4 4. Nxd4 Nf6 5. Nc3 e5 6. Nf3 Bb4 7. Bc4 0-0 8. Bg5 Qa5 9. 0-0 Bxc3 10. Bxf6 gxf6 11. bxc3 Qxc3 12. Bb3 Qc7 13. Qd2 d6 14. Qh6 Qe7 15. Nh4 Be6 16. Rad1 Nc6 17. Rd3 Kh8 18. Bxe6 Qxe6 19. Rxd6 Qg4 20. Qxf6+ Qg7 21. Qxg7+ Kxg7 22. Nf5+ Kg8 23. Rfd1 Rfd8 24. Rxd8+ Rxd8 25. Rxd8+ Nxd8 26. Kf1 Kf8 27. Ke2 Ke8 28. g3 Kd7 29. f4 f6 30. fxe5 fxe5 31. h4 Ne6 32. Ke3 Kc6 33. Nh6 Kc5 34. Nf7 Kc4 35. g4 Kc3 36. g5 Kxc2 37. h5 Kb2 38. g6 hxg6 39. h6 Nf8 40. Nxe5 Kxa2 41. Nxg6 Nxg6 42. h7 b5 43. e5 b4 44. e6 b3 45. e7 b2 46. e8Q b1Q 47. Qa4+ Kb2 48. Qb4+ Ka2 49. Qa4+ 1/2-1/2